A force of ones: reclaiming individual power in a time of teams work groups, and other crowds. / (Record no. 709)

MARC details
000 -LEADER
fixed length control field 00768nam a22001697a 4500
008 - FIXED-LENGTH DATA ELEMENTS--GENERAL INFORMATION
fixed length control field 120410t xxu||||| |||| 00| 0 eng d
020 ## - INTERNATIONAL STANDARD BOOK NUMBER
International Standard Book Number 1555425615
050 ## - LIBRARY OF CONGRESS CALL NUMBER
Classification number HD66.H43
100 ## - MAIN ENTRY--PERSONAL NAME
Personal name Cherman, Stanley M.
245 ## - TITLE STATEMENT
Title A force of ones: reclaiming individual power in a time of teams work groups, and other crowds. /
Statement of responsibility, etc. Stanley M. Herman
260 ## - PUBLICATION, DISTRIBUTION, ETC.
Place of publication, distribution, etc. San Francisco:
Name of publisher, distributor, etc. Jossey-Bass Publishers,
Date of publication, distribution, etc. c1994.
300 ## - PHYSICAL DESCRIPTION
Extent xxi, 261 p.:
Dimensions 21cm.
500 ## - GENERAL NOTE
General note Includes index.
505 ## - FORMATTED CONTENTS NOTE
Formatted contents note Contents: Introduction: reclaiming the power of the individual -- Tapping into your singular vision -- Staying centered in key work relationships -- Organizations are individuals, too -- Customs of command and arts of the possible.
650 ## - SUBJECT ADDED ENTRY--TOPICAL TERM
Topical term following geographic name entry element Teams in the workplace
942 ## - ADDED ENTRY ELEMENTS (KOHA)
Source of classification or shelving scheme Library of Congress Classification
Koha item type Books
Holdings
Withdrawn status Lost status Source of classification or shelving scheme Damaged status Not for loan Home library Current library Shelving location Date acquired Total Checkouts Full call number Barcode Date last seen Copy number Price effective from Koha item type
    Library of Congress Classification     WISCONSIN INTERNATIONAL UNIVERSITY COLLEGE, GHANA - MAIN LIBRARY WISCONSIN INTERNATIONAL UNIVERSITY COLLEGE, GHANA - MAIN LIBRARY General Stacks 10/04/2012   HD66.H43 1621/12 10/04/2012 1 10/04/2012 Books
    Library of Congress Classification     WISCONSIN INTERNATIONAL UNIVERSITY COLLEGE, GHANA - MAIN LIBRARY WISCONSIN INTERNATIONAL UNIVERSITY COLLEGE, GHANA - MAIN LIBRARY General Stacks 10/04/2012   HD66.H431 1622/12 10/04/2012 2 10/04/2012 Books
    Library of Congress Classification     WISCONSIN INTERNATIONAL UNIVERSITY COLLEGE, GHANA - MAIN LIBRARY WISCONSIN INTERNATIONAL UNIVERSITY COLLEGE, GHANA - MAIN LIBRARY General Stacks 10/04/2012   HD66.H432 1623/12 10/04/2012 3 10/04/2012 Books

If you have any concerns or questions; kindly contact the library


© Powered by WIUC ICT DIRECTORATE